Les cadres (Record no. 35234)

MARC details
000 -LEADER
campo de control de longitud fija 00514nam a2200181 i 4500
001 - NÚMERO DE CONTROL
campo de control 35234
003 - IDENTIFICADOR DE NÚMERO DE CONTROL
campo de control ES-MaACL
007 - CAMPO FIJO DE DESCRIPCIÓN FÍSICA--INFORMACIÓN GENERAL
campo de control de longitud fija t|
008 - DATOS DE LONGITUD FIJA--INFORMACIÓN GENERAL
campo de control de longitud fija 030212s1982 fr ||||1| fre d
100 1# - ENTRADA PRINCIPAL--NOMBRE DE PERSONA
Nombre de persona Boltanski, Luc.
9 (RLIN) 30011
245 14 - MENCIÓN DEL TÍTULO
Título Les cadres
Resto del título : la formation d'un grouppe social /
Mención de responsabilidad, etc. Luc Boltanski.
260 ## - PUBLICACIÓN, DISTRIBUCIÓN, ETC.
Lugar de publicación, distribución, etc. París :
Nombre del editor, distribuidor, etc. Editions de Minuit,
Fecha de publicación, distribución, etc. [1982]
300 ## - DESCRIPCIÓN FÍSICA
Extensión 523 p. ;
Dimensiones 22 cm.
490 1# - MENCIÓN DE SERIE
Mención de serie Le sens commun
830 0# - PUNTO DE ACCESO ADICIONAL DE SERIE-TÍTULO UNIFORME
Título uniforme Le sens commun
9 (RLIN) 177400
852 ## - LOCALIZACIÓN
Ubicación ES-MaACL
Número de control de estantería L-8014
Sublocalización o colección R.108627
Holdings
Estatus retirado Estado de pérdida Estado de daño No para préstamo Biblioteca de origen Biblioteca actual Ubicación en estantería Fecha de adquisición Fuente de adquisición Total de préstamos Signatura topográfica completa Código de barras Visto por última vez Precio de reemplazo Tipo de ítem Koha
        Biblioteca del Ateneo de Madrid Biblioteca del Ateneo de Madrid Depósito 2 17/01/2008     L-8014 1036861 23/02/2023 23/02/2023 Libro impreso